| 000 | 00608nam a2200193 a 4500 | ||
|---|---|---|---|
| 003 | PILC | ||
| 005 | 20160203153737.0 | ||
| 008 | 100812s19uu xx 00 eng d | ||
| 020 | _a9781606235591 | ||
| 050 |
_aBF 575.S75 _b.Al42 2009 |
||
| 100 | _aAldwin, Carolyn M. | ||
| 245 |
_aStress, coping, and development : _ban integrative perspective / _cCarolyn M. Aldwin. |
||
| 260 |
_aNew York : _bThe Guilford Press, _c2007. |
||
| 300 |
_a432 pages : _c23 cm. _billustrations ; |
||
| 500 | _aIncludes bibliographical references and indexes. | ||
| 650 | _aStress. | ||
| 942 |
_cBK _2lcc _kFOR |
||
| 999 |
_c39644 _d39644 |
||